| 000 | 00897cam a2200289u 4500 | ||
|---|---|---|---|
| 001 | 3485 | ||
| 003 | BD-RjUL | ||
| 005 | 20211208233734.0 | ||
| 008 | 131219s1935 ru 001 0 eng d | ||
| 035 | _a(BD-RjUL)3519 | ||
| 040 |
_aDLC _cCarP _dDLC _d(BD-RjUL) _beng |
||
| 041 | _aeng | ||
| 082 | 0 | 4 |
_a335.42 _bSTM |
| 100 | 1 |
_aStalin, Joseph, _d1879-1953. _910975 |
|
| 245 | 1 | 0 |
_aMarxism and the national and colonial question / _bStalin, Joseph, |
| 260 |
_aLondon : _bMartin Lawrence Ltd., _c1935. |
||
| 300 |
_aviii, 304 p. ; _c22 cm. |
||
| 504 | _aIncludes Index | ||
| 650 | 0 |
_a Nationalism and nationality. _910976 |
|
| 650 | 0 |
_aMinorities. _910977 |
|
| 650 | 0 |
_aImperialism. _910978 |
|
| 650 | 0 |
_aCommunism. _910979 |
|
| 942 |
_2ddc _cBK |
||
| 999 |
_c3485 _d3485 |
||